| 000 | 00897nam2a22002531 4500 | ||
|---|---|---|---|
| 001 | rc\142503 | ||
| 005 | 20250612172021.0 | ||
| 035 | _a(NLR Aleph) 008749323 | ||
| 090 |
_a9562623 _c9562623 |
||
| 100 | _a20030307d1994 |||y0rusy50 ca | ||
| 101 | 0 | _arus | |
| 102 | _aRU | ||
| 105 | _ay ||||||||| | ||
| 200 | 0 | _aТ. 1 | |
| 210 |
_d1994 _aБ. м. |
||
| 215 | _a391, [1] с. | ||
| 461 | 0 |
_1001rc\142502 _12001#$aКнига Памяти$eРесп. Алтай$fРедкол.: Алушкин Б.К. (пред.) и др.$vТ. 1 _97813145 _cГорно-Алтайск _d1994- _fРедкол.: Алушкин Б.К. (пред.) и др. _nКн. изд-во "Юч-Сюмер" Респ. Алтай _oРесп. Алтай _tКнига Памяти _vТ. 1 |
|
| 801 | 0 |
_aRU _bNLR _gpsbo |
|
| 801 | 1 |
_aRU _bELAR _2rusmarc |
|
| 852 |
_aNLR _bОНЛ |
||
| 852 |
_aNLR _jОНЛ |
||
| 942 | _cBOOK | ||
| 980 | _aNB | ||